Don Carlo / (Registro nro. 43582)
[ vista simple ]
| 000 -LEADER | |
|---|---|
| fixed length control field | 00758nam a22002057a 4500 |
| 008 - FIXED-LENGTH DATA ELEMENTS--GENERAL INFORMATION | |
| fixed length control field | 131021t mx ||||| |||| 00| 0 spa d |
| 020 ## - INTERNATIONAL STANDARD BOOK NUMBER | |
| International Standard Book Number | 8423126870 |
| 050 04 - LIBRARY OF CONGRESS CALL NUMBER | |
| Classification number | ML50 .U47 |
| Item number | V47 1981 |
| 245 13 - TITLE STATEMENT | |
| Title | Don Carlo / |
| Remainder of title | Libreto de Joseph Mery y Camille du Locle, en versión italiana de Achille de Lauzieres y Angelo Zanardini ; Traducción, estudio y comentarios: Roger Alier |
| 250 ## - EDITION STATEMENT | |
| Edition statement | 1a ed. |
| 260 ## - PUBLICATION, DISTRIBUTION, ETC. (IMPRINT) | |
| Place of publication, distribution, etc | Madrid : |
| Name of publisher, distributor, etc | Ediciones Daimon, Manuel Tamayo, |
| Date of publication, distribution, etc | 1981 |
| 300 ## - PHYSICAL DESCRIPTION | |
| Extent | 141 p . ; |
| Dimensions | 19 cm. |
| 440 #0 - SERIES STATEMENT/ADDED ENTRY--TITLE | |
| Title | Introducción al mundo de la opera |
| 504 ## - BIBLIOGRAPHY, ETC. NOTE | |
| Bibliography, etc | Incluye discografia e índice |
| 650 #4 - SUBJECT ADDED ENTRY--TOPICAL TERM | |
| Topical term or geographic name as entry element | Opera |
| General subdivision | Introducción |
| 700 1# - ADDED ENTRY--PERSONAL NAME | |
| Personal name | Mery, Joseph |
| Fuller form of name | lib. |
| 700 1# - ADDED ENTRY--PERSONAL NAME | |
| Personal name | Locle, Camille du, |
| Fuller form of name | lib. |
| 700 1# - ADDED ENTRY--PERSONAL NAME | |
| Personal name | Alier, Roger, |
| Fuller form of name | tr. |
| 942 ## - ADDED ENTRY ELEMENTS (KOHA) | |
| Source of classification or shelving scheme | Biblioteca del Cogreso de los Estados Unidos |
| Koha item type | Libro |
| Estado de pérdida | Fuente de clasificación | Estado del daño | No para préstamo | Ubicación permanente | Ubicación actual | Fecha de adquisición | Fuente de adquisición | Enumeración de Serie / Cronológica | Clasificación | Código de Barras | Date last seen | Número de copia | Tipo de recurso | Nota pública |
|---|---|---|---|---|---|---|---|---|---|---|---|---|---|---|
| Biblioteca del Cogreso de los Estados Unidos | Biblioteca de la Facultad de Letras | Biblioteca de la Facultad de Letras | 21/10/2013 | LLH000003178 | ML50 V47 1981 | LLH000003178 | 16/01/2015 | C:1 | Libro | General |